Cassez le code! (niveau 2 - capitales) - Statistiques

Statistiques générales
  • Ce quiz a été pris 340 fois
  • Le résultat moyen est 8 sur 9
Statistiques - réponses
Résoudre Réponse Indice % Correct
M9A6D9R8I2D5 Madrid R
100%
A9M1S3T4E9R4D0A2M4 Amsterdam T
99%
O0S51L6O0 Oslo L
98%
M9O6N4T8E7V1I9D0E8O4 Montevideo V
97%
C8A7N9B3E5R6R1A5 Canberra B
96%
V7A9D2U4Z4 Vaduz U
96%
P5O4R2T1L8O5U5I3S2 Port Louis S
93%
T2E3G3U3C9I6G4A0L1P2A7 Tegucigalpa P
89%
QUEL EST LE CODE (nombres) 84231624
28%
Aucun quiz correspondant
Distribution des résultats
% des personnes avec chaque résultat
Percentile par nombre de réponses
Votre historique - résultats
Vous n’avez pas pris ce quiz